000 00712nam a22002057a 4500
005 20251108174706.0
008 250721s2006 xx 000 0 ara d
082 1 4 _aط/550/ابر
100 1 _aإبراهيم، محمد رضا علي
245 1 0 _aالجيولوجيا المسلية : تجارب مثيرة و أنشطة عملية طريفة /
264 1 _aالقاهرة :
_bمكتبة ابن سينا،
_c2006.
300 _a111ص.
650 1 7 _aالجيولوجيا
650 1 7 _aعلم الارض
653 _aناشاون صغار (10-14) سنه
700 1 _aالسيد، أحمد رياض
700 1 _aمحمود، عبد المنعم
_eمراجع
942 _2ddc
_cBK
999 _c115613
_d115613